| 000 | 01489nam a2200313 i 4500 | ||
|---|---|---|---|
| 003 | DO-SdBNP | ||
| 005 | 20240725101651.0 | ||
| 006 | a||||gr|||| 00| 0 | ||
| 007 | ta | ||
| 008 | 240724e2003 cu ad||| |||| 00| e spa d | ||
| 020 | _a9592420653 | ||
| 040 |
_aDO-SdBNP _bspa _cBNPHU _erda |
||
| 082 | 4 |
_222 _bC968s |
|
| 245 | 0 | 0 |
_aCultura, sociedad y cooperación : _bensayos sobre la sociedad civil del Gran Caribe / _cCoordinadores, Antonio Gaztambide-Géigel y Rafael Hernández; edición al cuidado de Dania García Ronda. |
| 246 | _aEnsayos sobre la sociedad civil del Gran Caribe. | ||
| 264 | 1 |
_aCuba : _bCentro de Investigación y Desarrollo de la Cultura cubana "Juan Marinello", _bProyecto Atlantea (Intercambio Academico - Caribe), _c2003 |
|
| 300 |
_a191 páginas : _bilustracione, gráficas ; _c23 cm. |
||
| 336 |
_2rdacontent _atexto _btxt |
||
| 337 |
_2rdamedia _asin mediación |
||
| 338 |
_2rdacarrier _avolumen _bnc |
||
| 500 | _aIncluye bibliografía y notas al pie de páginas. | ||
| 500 | _aIncluye biografías en las páginas 187-191. | ||
| 505 |
_aIntroducción. _tPrimera parte: Cultura y cooperación.-- _tSegunda parte: Sociedad civil y cooperación. |
||
| 590 | _aInventariado 2024 / MF | ||
| 700 | 1 |
_aHernández, Rafael, _982472 _ecoordinador _tCultura, sociedad y ooperación. |
|
| 700 | 1 |
_aGaztambide Géigel, Antonio, _920323 _ecoordinador _tEnsayos sobre la sociedad civil del Gran Caribe. |
|
| 700 | 1 |
_aDania García Ronda, _eeditor _986164 |
|
| 942 |
_2ddc _cLBS1 |
||
| 999 |
_c57351 _d57351 |
||